000 00314nam a2200133Ia 4500
008 210210b1971 xxu||||| |||| 00| 0 eng d
082 _a158 MAUA
100 _aMAUROIS (Andre).
245 _aArt of living.
260 _aBombay
_bD B Sons
_c1971
300 _a176
690 _aApplied Psychology
906 _a030202
999 _c81389
_d81389